000 00984cab a2200313 4500
001 ABS56878
008 090401t1997 xxu||||| |||| 00| 0 eng d
035 _a(Sirsi) u78048
041 _aeng
100 _aBrewer, G.
245 _a1866 case leaves MoD`s defensive umbrella waterproof
260 _c1997
350 _a0
490 _aContract Journal
_v16 April 1997, 24-25(2)
520 _aDiscusses "Ellison and Headlong V MoD" which concerned damage by floodwater to properties adjacent to building works, and whether the rule in "Rylands v Fletcher" applies to things which are brought onto land.
650 _aADJACENT PROPERTY
650 _aELLISON AND HEADLONG V MOD
650 _aFLOOD DAMAGE
650 _aFLOOD WATER
650 _aINTERFERENCE
650 _aLIABILITY
650 _aNATURAL DRAINAGE
650 _aRYLANDS V FLETCHER
650 _aTHIRD PARTIES
650 _aTORT OF NUISANCE
690 _aLAW
942 _n0
948 _c29/04/1997
999 _c49102
_d49102